2012 Phoenix Suns Roster - Statistics

General Stats
  • This quiz has been taken 293 times
  • The average score is 5 of 13
Answer Stats
Answer % Correct
Steve Nash
98%
Marcin Gortat
56%
Grant Hill
46%
Channing Frye
41%
Robin Lopez
41%
Jared Dudley
40%
Markieff Morris
36%
Shannon Brown
32%
Hakim Warrick
23%
Sebastian Telfair
23%
Josh Childress
19%
Michael Redd
15%
Ronnie Price
14%
No matching quizzes found
Score Distribution
Percent of People with Each Score
Percentile by Number Answered
Your Score History
You have not taken this quiz